Sán dây (cestoda) ký sinh ở động vật nuôi Việt Nam T.2

Giới thiệu, mô tả, hình vẽ các loại sán dây ở chim thú hoang Việt Nam gồm 83 loài

Salvato in:
Dettagli Bibliografici
Autore principale: Nguyễn Thị Kỳ (Tác giả)
Natura: Libro
Lingua:Vietnamese
Pubblicazione: H. Khoa học và kỹ thuật 1995
Soggetti:
Tags: Aggiungi Tag
Nessun Tag, puoi essere il primo ad aggiungerne! !
Thư viện lưu trữ: Mạng thư viện Đại học Đà Nẵng
LEADER 01380nam a22003858a 4500
001 000013537
003 9879
005 20120316140337.0
008 120316s1995 b 000 0 od
020 |d 500b 
041 0 |a 9412 
041 0 |a vie 
080 |a 636.094 
082 |a 592.597  |b NG-K 
084 |a M873.7  |b S000á 
100 1 |a Nguyễn Thị Kỳ  |e Tác giả 
245 1 0 |a Sán dây (cestoda) ký sinh ở động vật nuôi Việt Nam  |c Nguyễn Thị Kỳ  |n T.2 
260 |a H.  |b Khoa học và kỹ thuật  |c 1995 
300 |a 146tr : hình vẽ  |c 19cm 
505 |a T.1 
520 |a Giới thiệu, mô tả, hình vẽ các loại sán dây ở chim thú hoang Việt Nam gồm 83 loài 
653 |a thú y 
653 |a bệnh ký sinh trùng 
653 |a sán dây 
773 |d Nxb. Khoa học kỹ thuật  |d H.  |d 1994  |t Sán dây (cestoda) ký sinh ở động vật nuôi Việt Nam  |w 9874 
OWN |a LSP 
AVA |a UDN50  |b LSP  |d 592.597 NG-K  |e available  |t Error 5001 Not defined in file expand_doc_bib_avail.  |f 1  |g 0  |h N  |i 0  |k 1 
999 |a From the UDN01 
AVA |a UDN50  |b LSP  |d 592.597 NG-K  |e available  |t Error 5001 Not defined in file expand_doc_bib_avail.  |f 1  |g 0  |h N  |i 0  |k 1 
TYP |a Monograph 
TYP |a Printed language 
980 |a Mạng thư viện Đại học Đà Nẵng